Rio Grande (Record no. 15588)
[ view plain ]
| 000 -LEADER | |
|---|---|
| fixed length control field | 02172ngm a22004697a 4500 |
| 006 - FIXED-LENGTH DATA ELEMENTS--ADDITIONAL MATERIAL CHARACTERISTICS--GENERAL INFORMATION | |
| fixed length control field | a|||||s|||||00| 0 |
| 007 - PHYSICAL DESCRIPTION FIXED FIELD--GENERAL INFORMATION | |
| fixed length control field | tz |
| 008 - FIXED-LENGTH DATA ELEMENTS--GENERAL INFORMATION | |
| fixed length control field | 110613s2000 cau|||||s|||| 000 0 eng d |
| 020 ## - INTERNATIONAL STANDARD BOOK NUMBER | |
| International Standard Book Number | 0782010059 |
| 020 ## - INTERNATIONAL STANDARD BOOK NUMBER | |
| International Standard Book Number | 9780782010053 |
| 082 ## - DEWEY DECIMAL CLASSIFICATION NUMBER | |
| Edition number | 22 |
| Classification number | 791.4372 |
| Item number | RIO |
| 245 00 - TITLE STATEMENT | |
| Title | Rio Grande |
| Medium | [videorecording] |
| Statement of responsibility, etc | Produced by John Ford, Merian C. Cooper; screenplay by James Kevin McGuinnes; directed by John Ford |
| 260 ## - PUBLICATION, DISTRIBUTION, ETC. (IMPRINT) | |
| Place of publication, distribution, etc | Los Angeles, CA : |
| Name of publisher, distributor, etc | Republic Pictures Corporation ; |
| Place of publication, distribution, etc | Santa Monica, CA : |
| Name of publisher, distributor, etc | Distributed by Artisan Home Entertainment, 2000. |
| Date of publication, distribution, etc | 2000 |
| 300 ## - PHYSICAL DESCRIPTION | |
| Extent | 1 videodisc (105 min.) : |
| Other physical details | sd., b&w ; |
| Dimensions | 4 3/4 in. |
| 490 ## - SERIES STATEMENT | |
| 9 (RLIN) | 25160 |
| Series statement | John Wayne Collection |
| 500 ## - GENERAL NOTE | |
| General note | Originally released as a motion picture in 1950 |
| 500 ## - GENERAL NOTE | |
| General note | Based on Saturday Evening Post story by James Warner Bellah. |
| 508 ## - CREATION/PRODUCTION CREDITS NOTE | |
| Linkage | Director of photography, Bert Glennon ; film editor, Jack Murray ; music, Victor Young. |
| 511 ## - PARTICIPANT OR PERFORMER NOTE | |
| Participant or performer note | John Wayne, Maureen O'Hara, Ben Johnson, Harry Carey, Jr., Chill Wills, J. Carrol Naish, Victor McLaughlin, Claude Jarman, Jr. |
| 521 ## - TARGET AUDIENCE NOTE | |
| Target audience note | Not rated |
| 546 ## - LANGUAGE NOTE | |
| Language note | In English, dubbed French or dubbed Spanish with optional subtitles in French or Spanish; closed captioned. |
| 650 ## - SUBJECT ADDED ENTRY--TOPICAL TERM | |
| 9 (RLIN) | 25065 |
| Topical term or geographic name as entry element | Man-woman relationships |
| Form subdivision | Drama |
| 653 ## - INDEX TERM--UNCONTROLLED | |
| Arrived date list | June2011 |
| 655 ## - INDEX TERM--GENRE/FORM | |
| Genre/form data or focus term | Feature films |
| 655 ## - INDEX TERM--GENRE/FORM | |
| Genre/form data or focus term | Western films |
| 700 ## - ADDED ENTRY--PERSONAL NAME | |
| 9 (RLIN) | 25123 |
| Personal name | Young, Victor |
| Relator term | msd |
| 700 ## - ADDED ENTRY--PERSONAL NAME | |
| 9 (RLIN) | 25164 |
| Personal name | Ford, John |
| Dates associated with a name | 1894-1973 |
| Relator term | drt |
| -- | pro |
| 700 ## - ADDED ENTRY--PERSONAL NAME | |
| 9 (RLIN) | 25165 |
| Personal name | McGuinness, James Kevin |
| Dates associated with a name | 1894-1973 |
| Relator term | aus |
| 700 ## - ADDED ENTRY--PERSONAL NAME | |
| 9 (RLIN) | 25168 |
| Personal name | Cooper, Merian C. |
| Dates associated with a name | 1894-1973 |
| Relator term | pro |
| 700 ## - ADDED ENTRY--PERSONAL NAME | |
| 9 (RLIN) | 25169 |
| Personal name | Bellah, James Warner |
| Dates associated with a name | 1899-1976 |
| Relator term | aut |
| 700 ## - ADDED ENTRY--PERSONAL NAME | |
| 9 (RLIN) | 25170 |
| Personal name | Glennon, Bert |
| Dates associated with a name | 1899-1976 |
| Relator term | cng |
| 700 ## - ADDED ENTRY--PERSONAL NAME | |
| 9 (RLIN) | 25171 |
| Personal name | Murray, Jack |
| Dates associated with a name | 1899-1976 |
| Relator term | flm |
| 700 ## - ADDED ENTRY--PERSONAL NAME | |
| 9 (RLIN) | 25179 |
| Personal name | Jarman, Claude |
| Dates associated with a name | 1934- |
| Relator term | act |
| 700 ## - ADDED ENTRY--PERSONAL NAME | |
| 9 (RLIN) | 25172 |
| Personal name | Wayne, John |
| Dates associated with a name | 1907-1979 |
| Relator term | act |
| 700 ## - ADDED ENTRY--PERSONAL NAME | |
| 9 (RLIN) | 25173 |
| Personal name | O'Hara, Maureen |
| Dates associated with a name | 1920- |
| Relator term | act |
| 700 ## - ADDED ENTRY--PERSONAL NAME | |
| 9 (RLIN) | 25174 |
| Personal name | Johnson, Ben |
| Dates associated with a name | 1918-1996 |
| Relator term | act |
| 700 ## - ADDED ENTRY--PERSONAL NAME | |
| 9 (RLIN) | 25175 |
| Personal name | Carey, Harry |
| Dates associated with a name | 1921- |
| Relator term | act |
| 700 ## - ADDED ENTRY--PERSONAL NAME | |
| 9 (RLIN) | 25176 |
| Personal name | Wills, Chill |
| Dates associated with a name | 1902-1978 |
| Relator term | act |
| 700 ## - ADDED ENTRY--PERSONAL NAME | |
| 9 (RLIN) | 25177 |
| Personal name | Naish, J. Carrol |
| Dates associated with a name | 1896-1973 |
| Relator term | act |
| 700 ## - ADDED ENTRY--PERSONAL NAME | |
| 9 (RLIN) | 25178 |
| Personal name | McLaughlin, Victor |
| Dates associated with a name | 1896-1973 |
| Relator term | act |
| 942 ## - ADDED ENTRY ELEMENTS (KOHA) | |
| Source of classification or shelving scheme | Dewey Decimal Classification |
| Item type | CD | DVD - Movie (NB) |
| Withdrawn status | Lost status | Source of classification or shelving scheme | Damaged status | Not for loan | Koha collection | Location (home branch) | Sublocation or collection (holding branch) | Shelving location | Date acquired | Source of acquisition | Cost, normal purchase price | Invoice Number | Koha issues (times borrowed) | Koha full call number | Piece designation (barcode) | Koha date last seen | Price effective from | Koha item type |
|---|---|---|---|---|---|---|---|---|---|---|---|---|---|---|---|---|---|---|
| Dewey Decimal Classification | Baccah | Central Library | Central Library | Second Floor | 13/06/2011 | 149.00 | 12344 | 791.4372 RIO | 000024130 | 24/08/2022 | 13/06/2011 | CD | DVD - (NB) |